<?xml version="1.0" encoding="UTF-8"?>
<collection xmlns="http://www.loc.gov/MARC21/slim">
 <record>
  <leader>01524nam a2200229Ia 4500</leader>
  <controlfield tag="001">TDMU_24741</controlfield>
  <controlfield tag="008">210410s9999    xx            000 0 und d</controlfield>
  <datafield tag="082" ind1=" " ind2=" ">
   <subfield code="a">959.7043</subfield>
  </datafield>
  <datafield tag="090" ind1=" " ind2=" ">
   <subfield code="b">A109</subfield>
  </datafield>
  <datafield tag="100" ind1=" " ind2=" ">
   <subfield code="a">Asselin, Pierre</subfield>
  </datafield>
  <datafield tag="245" ind1=" " ind2="0">
   <subfield code="a">Nền hòa bình mong manh - Washington, Hà Nội và tiến trình của Hiệp định Paris</subfield>
  </datafield>
  <datafield tag="245" ind1=" " ind2="0">
   <subfield code="b">Sách tham khảo</subfield>
  </datafield>
  <datafield tag="245" ind1=" " ind2="0">
   <subfield code="c">Pierre Asselin; Dương Văn Nghiên (dịch) và [nh.ng.khác]; Trịnh Huy Quang, Phùng Trọng Tuấn (h.đ)</subfield>
  </datafield>
  <datafield tag="260" ind1=" " ind2=" ">
   <subfield code="a">H.</subfield>
  </datafield>
  <datafield tag="260" ind1=" " ind2=" ">
   <subfield code="b">Chính trị Quốc gia - Sự thật</subfield>
  </datafield>
  <datafield tag="260" ind1=" " ind2=" ">
   <subfield code="c">2015</subfield>
  </datafield>
  <datafield tag="300" ind1=" " ind2=" ">
   <subfield code="a">374tr.</subfield>
  </datafield>
  <datafield tag="520" ind1=" " ind2=" ">
   <subfield code="a">Trình bày quá trình đàm phán hiệp định Paris kéo dài hơn 4 năm giữa những nhà đàm phán của Hà Nội và Washington. Phân tích bối cảnh, tình hình của mỗi bên trong từng giai đoạn, từ đó làm rõ động cơ, ý đồ chiến lược của mỗi bên trong từng thời điểm. Đồng thời nêu lên tình hình chiến tranh Việt Nam sau Hiệp định Paris; LS129</subfield>
   <subfield code="d">Đường lối đối ngoại của Đảng Cộng sản Việt Nam</subfield>
  </datafield>
  <datafield tag="650" ind1=" " ind2=" ">
   <subfield code="a">Lịch sử</subfield>
   <subfield code="x">Hiệp định Pari</subfield>
   <subfield code="z">Việt Nam; Chiến tranh Việt Nam</subfield>
   <subfield code="x">Hiệp định Pari</subfield>
  </datafield>
  <datafield tag="700" ind1=" " ind2=" ">
   <subfield code="a">Dương, Văn Nghiên</subfield>
  </datafield>
  <datafield tag="856" ind1=" " ind2=" ">
   <subfield code="u">http://lrc.tdmu.edu.vn/opac/search/detail.asp?aID=2&amp;ID=24741</subfield>
  </datafield>
  <datafield tag="980" ind1=" " ind2=" ">
   <subfield code="a">Trung tâm Học liệu Trường Đại học Thủ Dầu Một</subfield>
  </datafield>
 </record>
</collection>
